[Event "TCh-Central SRB 2012"]
[Site "Vrnjacka Banja SRB"]
[Date "2012.10.05"]
[Round "9.6"]
[White "Ilic,Zo1"]
[Black "Blesic,V"]
[Result "1/2-1/2"]
[WhiteElo "2311"]
[BlackElo "2390"]

1.d4 Nf6 2.Nf3 e6 3.c4 Bb4+ 4.Bd2 Qe7 5.g3 Nc6 6.Nc3 Bxc3 7.Bxc3 Ne4 8.Rc1 O-O
9.Bg2 d6 10.O-O Nxc3 11.Rxc3 e5 12.d5 Nb8 13.b4 a5 14.a3 Na6 15.Qb1 axb4
16.axb4 c5 17.dxc6 bxc6 18.Nd2 Rb8 19.Rb3 Bd7 20.Qb2 Rb6 21.c5 dxc5 22.bxc5 Rxb3
23.Nxb3 Nc7 24.Ra1 Rb8 25.Qc2 g6 26.h4 Bf5 27.e4 Be6 28.Na5 Rb5 29.Nxc6 Qxc5
30.Rc1 Qxc2 31.Rxc2 Ne8  1/2-1/2

[Event "St Petersburg Rapid Cup 2012"]
[Site "St Petersburg RUS"]
[Date "2012.10.07"]
[Round "9.4"]
[White "Matlakov,M"]
[Black "Vitiugov,N"]
[Result "1-0"]
[WhiteElo "2665"]
[BlackElo "2691"]

1.d4 e6 2.c4 Nf6 3.Nf3 Bb4+ 4.Bd2 Bxd2+ 5.Qxd2 d5 6.Nc3 O-O 7.e3 Qe7 8.cxd5 exd5
9.Bd3 Nc6 10.h3 Nb4 11.Bb1 Ne4 12.Qc1 c6 13.O-O Ng5 14.Nxg5 Qxg5 15.f4 Qe7
16.f5 f6 17.Qd2 Bd7 18.a3 Na6 19.e4 dxe4 20.Ba2+ Kh8 21.Rae1 Qd8 22.Rxe4 Be8
23.Rfe1 Bf7 24.Bxf7 Rxf7 25.d5 h6 26.Qe3 Qb6 27.dxc6 bxc6 28.b4 Nc7 29.Kh2 Qxe3
30.R1xe3 a5 31.Rd3 axb4 32.axb4 Rb8 33.Rc4 Na6 34.Rdd4 Rfb7 35.Rxc6 Nxb4
36.Rcd6 Rb6 37.Ne2 Nc6 38.Rd2 Ne7 39.Rxb6 Rxb6 40.g4 Kg8 41.Nf4 Rb8 42.Rd7 Re8
43.Ne6 Kf7 44.Kg3 Rc8 45.Nxg7 Rc3+ 46.Kh4 Kxg7 47.Rxe7+ Kg8 48.Kh5 Rxh3+
49.Kg6 Kf8 50.Rf7+ Kg8 51.Rb7 Kf8 52.Kxf6 Ke8 53.Rb8+  1-0

[Event "TCh-ROU League A 2012"]
[Site "Olanesti ROU"]
[Date "2012.10.11"]
[Round "6.6"]
[White "Stegariu,A"]
[Black "Munteanu,A"]
[Result "1/2-1/2"]
[WhiteElo "2129"]
[BlackElo "1977"]

1.d4 Nf6 2.c4 e6 3.Nf3 Bb4+ 4.Bd2 Qe7 5.g3 O-O 6.Bg2 Bxd2+ 7.Nbxd2 d6 8.O-O e5
9.e4 Nbd7 10.Qc2 Re8 11.d5 c6 12.b4 Nf8 13.Nb3 cxd5 14.cxd5 Bd7 15.Rfc1 Rec8
16.Qe2 Qe8 17.Nfd2 Bb5 18.Qe3 b6 19.Bh3 Bd7 20.Bf1 Bb5 21.Bh3 Bd7 22.Bf1 Bb5
23.Bh3  1/2-1/2

[Event "TATA 50th ch-IND National Premier 2012"]
[Site "Kolkata IND"]
[Date "2012.10.13"]
[Round "12.5"]
[White "Kunte,A"]
[Black "Neelotpal,D"]
[Result "1/2-1/2"]
[WhiteElo "2518"]
[BlackElo "2485"]

1.d4 Nf6 2.c4 e6 3.Nf3 Bb4+ 4.Bd2 Qe7 5.g3 Nc6 6.Nc3 b6 7.Bg2 Na5 8.b3 O-O
9.O-O Bb7 10.Qc2 h6 11.Rfd1 Rac8 12.d5 c6 13.dxe6 dxe6 14.Bf4 Rfd8 15.h3 Rxd1+
16.Rxd1 Rd8 17.Rxd8+ Qxd8 18.Ne1 Bxc3 19.Qxc3 c5 20.Bxb7 Nxb7 21.Qd3 Kf8
22.Qxd8+ Nxd8 23.Nd3 Ke8 24.f3 Nd7 25.g4 Ke7 26.h4 f6 27.h5  1/2-1/2

[Event "22nd Metropolitan IM"]
[Site "Los Angeles USA"]
[Date "2012.10.13"]
[Round "6"]
[White "Kavutskiy,K"]
[Black "Amanov,Z"]
[Result "1/2-1/2"]
[WhiteElo "2287"]
[BlackElo "2374"]

1.d4 Nf6 2.Nf3 e6 3.c4 Bb4+ 4.Bd2 Qe7 5.g3 Nc6 6.Nc3 Bxc3 7.Bxc3 Ne4 8.Rc1 d6
9.Bg2 Nxc3 10.Rxc3 O-O 11.O-O e5 12.d5 Nb8 13.b4 Bg4 14.Nd2 Nd7 15.Nb3 b6
16.Qc2 a5 17.a3 axb4 18.axb4 Ra3 19.Ra1 Rxa1+ 20.Nxa1 Ra8 21.Nb3 Ra3  1/2-1/2

[Event "Trans-Europa-Schach-Express 2012"]
[Site "Potsdam GER"]
[Date "2012.10.14"]
[Round "9.5"]
[White "Swiercz,D"]
[Black "Short,N"]
[Result "0-1"]
[WhiteElo "2609"]
[BlackElo "2707"]

1.d4 Nf6 2.Nf3 e6 3.c4 Bb4+ 4.Bd2 Bxd2+ 5.Qxd2 O-O 6.g3 d5 7.Bg2 Qe7 8.O-O Rd8
9.Rc1 c6 10.Qc2 b6 11.cxd5 Nxd5 12.e4 Nb4 13.Qc3 Bb7 14.a3 N4a6 15.b4 Nd7
16.Nbd2 Nc7 17.Nb3 Rac8 18.Qe3 h6 19.h4 Nb5 20.Rd1 Re8 21.Bf1 Rcd8 22.Nbd2 Nd6
23.Nc4 Nxc4 24.Bxc4 Rc8 25.Rab1 Red8 26.Rd2 Nf6 27.Rbd1 c5 28.dxc5 Rxd2 29.Nxd2 bxc5
30.bxc5 Qxc5 31.Qxc5 Rxc5 32.f3 g5 33.hxg5 hxg5 34.Rb1 Bc6 35.Rb8+ Kg7 36.Rc8 g4
37.fxg4 Nxg4 38.Rc7 Kf6 39.Rxa7 Ne5 40.Bf1 Rc2  0-1

[Event "13th Liberec Open 2012"]
[Site "Liberec CZE"]
[Date "2012.10.26"]
[Round "8"]
[White "Plischki,S"]
[Black "Bartos,J"]
[Result "1-0"]
[WhiteElo "2371"]
[BlackElo "2191"]

1.d4 e6 2.Nf3 Nf6 3.c4 Bb4+ 4.Bd2 Bxd2+ 5.Qxd2 d5 6.e3 O-O 7.Nc3 Qe7 8.Bd3 Rd8
9.cxd5 exd5 10.O-O Nc6 11.a3 Ne4 12.Qc2 Bf5 13.Rfc1 Bg6 14.b4 Nxc3 15.Bxg6 hxg6
16.Qxc3 a6 17.Ne1 g5 18.Nd3 Rd6 19.a4 Rh6 20.b5 axb5 21.axb5 Rxa1 22.Rxa1 Nd8
23.Ra8 Rb6 24.Qc5 Rd6 25.Rc8 c6 26.h3 f6 27.bxc6 bxc6 28.Qb6 Kh7 29.Nc5 Kh6
30.Rc7 Qf8 31.Qb1 Ne6 32.Nxe6 Rxe6 33.Qf5 Qe8 34.g3 g6 35.Qc2 f5 36.Kg2 f4
37.exf4 gxf4 38.gxf4 Re4 39.f5 gxf5 40.Rxc6+ Kh5 41.Qd1+ Kh4 42.Rh6+ Kg5
43.Rd6 Kh4 44.Qf3 Qf8 45.Rxd5  1-0

[Event "39th ch-IND Premier w 2012"]
[Site "Jalgaon IND"]
[Date "2012.10.27"]
[Round "4.3"]
[White "Bhakti,K"]
[Black "Swathi,G"]
[Result "0-1"]
[WhiteElo "2196"]
[BlackElo "2263"]

1.d4 Nf6 2.Nf3 e6 3.c4 Bb4+ 4.Bd2 c5 5.Bxb4 cxb4 6.e3 O-O 7.Bd3 d6 8.O-O Nc6
9.a3 e5 10.Nbd2 Re8 11.d5 Nb8 12.Qb1 Na6 13.e4 Qb6 14.h3 Nc5 15.Rc1 Bd7 16.axb4 Qxb4
17.Rc3 a5 18.Qc1 Ra6 19.Ne1 Qb6 20.Rca3 Rea8 21.Qc3 Be8 22.g3 h6 23.Kg2 a4
24.Bc2 Qd8 25.Nef3 Bd7 26.Qe3 Qc8 27.Ng1 Rb8 28.f4 Ne8 29.fxe5 dxe5 30.Qc3 f6
31.b4 axb3 32.Nxb3 Rxa3 33.Rxa3 Nd6 34.Nd2 b5 35.Ra7 bxc4 36.Qa5 Nb5 37.Nxc4 Nxa7
38.Qxa7 Ra8 39.Qb6 Nxe4 40.Ne3 Qc5 41.Qb3 Ra3 42.Qb8+ Kf7 43.Bxe4 Qxe3  0-1

[Event "TCh-FIN SM 2012-13"]
[Site "Oulu FIN"]
[Date "2012.10.27"]
[Round "4.2"]
[White "Kauppila,O"]
[Black "Miezis,N"]
[Result "0-1"]
[WhiteElo "2280"]
[BlackElo "2574"]

1.d4 Nf6 2.c4 e6 3.Nf3 Bb4+ 4.Bd2 c5 5.Bxb4 cxb4 6.g3 O-O 7.Bg2 d6 8.O-O Qe7
9.a3 bxa3 10.Nxa3 Nc6 11.Nb5 Bd7 12.Qb3 a6 13.Nc3 Rab8 14.Rfd1 Rfc8 15.e4 e5
16.d5 Nd8 17.Ne1 b5 18.cxb5 Bxb5 19.Nxb5 Rxb5 20.Qa3 Rcb8 21.Nd3 a5 22.Qc3 Nb7
23.b4 Qd8 24.Rdc1 h5 25.Qa3 axb4 26.Nxb4 Qb6 27.Nc6 Re8 28.Qa7 Qxa7 29.Rxa7 g6
30.Bf1 Rb2 31.f3 h4 32.g4 Nh7 33.Ba6 Nc5 34.Rxc5 dxc5 35.d6 Ng5 36.d7 Nxf3+
37.Kf1 Nxh2+ 38.Kg1 Nf3+ 39.Kf1 Rf8 40.Rb7 Rd2 41.Be2 Nd4  0-1

[Event "16th OIBM 2012"]
[Site "Bad Wiessee GER"]
[Date "2012.10.28"]
[Round "2.16"]
[White "Arounopoulos,S"]
[Black "Eingorn,V"]
[Result "0-1"]
[WhiteElo "2118"]
[BlackElo "2550"]

1.d4 Nf6 2.Nf3 e6 3.c4 Bb4+ 4.Bd2 Bxd2+ 5.Qxd2 O-O 6.Nc3 Nc6 7.e3 d6 8.Be2 b6
9.O-O Bb7 10.Rfd1 Ne7 11.Ne1 a6 12.Bf3 Qb8 13.Qc2 Rd8 14.b4 b5 15.cxb5 Bxf3
16.Nxf3 axb5 17.a4 bxa4 18.Rxa4 Rxa4 19.Qxa4 Ned5 20.Nxd5 Nxd5 21.Rc1 Nxb4
22.Rb1 c5 23.dxc5 dxc5 24.Nd4 Qa8 25.Qxa8 Rxa8 26.Kf1 Nd5 27.Nf3 f6 28.Rc1 Rc8
29.Nd2 Nb6 30.Nc4 Nxc4 31.Rxc4 Kf7 32.Ke2 h5 33.Kd3 g5 34.Rc2 g4 35.g3 Kg6
36.e4 e5 37.Ke3 c4 38.Rc3 f5 39.exf5+ Kxf5 40.f3 Rc7 41.Ke2 Ke6 42.Ke3 Kd5
43.fxg4 hxg4 44.Rc1 c3 45.Kd3 c2  0-1

[Event "TCh-FIN SM 2012-13"]
[Site "Joensuu FIN"]
[Date "2012.10.28"]
[Round "5.6"]
[White "Jantti,P"]
[Black "Huovinen,Jere"]
[Result "1/2-1/2"]
[WhiteElo "2100"]
[BlackElo "2178"]

1.d4 Nf6 2.Nf3 e6 3.c4 Bb4+ 4.Bd2 Bxd2+ 5.Nbxd2 d6 6.g3 Nbd7 7.Bg2 O-O 8.O-O e5
9.e4 Re8 10.d5 Nc5 11.Ne1 a5 12.h3 c6 13.Qe2 cxd5 14.cxd5 b6 15.Rc1 Ba6 16.Nc4 Rc8
17.b3 b5 18.Nd2 Nfd7 19.Nef3 b4 20.Nc4 Nb6 21.Nfd2 a4 22.Qe3 axb3 23.axb3 Bxc4
24.Nxc4 Nxc4 25.Rxc4 Qb6 26.Ra1 Ra8 27.Rxa8 Rxa8 28.Rc2 h6 29.Bf1 Ra1 30.Kg2 Qa5
31.Bc4 Rb1 32.Rd2 Qa1 33.Re2 f5 34.exf5 e4 35.f3 Rh1 36.Qf2 exf3+ 37.Kxf3 Rf1
38.Re8+ Kf7 39.Qxf1 Qxf1+ 40.Bxf1 Kxe8 41.Bc4 Ke7 42.Kf4  1/2-1/2

[Event "12th Sautron Open"]
[Site "Sautron FRA"]
[Date "2012.10.29"]
[Round "4.1"]
[White "Le Roux,JP"]
[Black "Lagarde,Max"]
[Result "0-1"]
[WhiteElo "2563"]
[BlackElo "2501"]

1.Nf3 Nf6 2.c4 e6 3.d4 Bb4+ 4.Bd2 a5 5.g3 d6 6.Bg2 Nbd7 7.O-O e5 8.e3 c6
9.Bc1 e4 10.Ng5 d5 11.c5 h6 12.Nh3 a4 13.a3 Ba5 14.Qxa4 Nf8 15.b4 Bxh3 16.Bxh3 Bc7
17.Qd1 h5 18.f4 exf3 19.Qxf3 h4 20.g4 N8h7 21.Nc3 Ng5 22.Qg2 O-O 23.b5 Ba5
24.Ne2 Nfe4 25.Nf4 cxb5 26.Rb1 Qd7 27.Nd3 Bc7 28.Kh1 g6 29.Nb4 Rfe8 30.Rb3 Ra4
31.Kg1 Kg7 32.Rd3 Ba5 33.Nc2 Rc4 34.Na1 Bd8 35.Nb3 Nxh3+ 36.Qxh3 Ng5 37.Qg2 h3
38.Qe2 Re4 39.Rf4 Bc7 40.Rxe4 dxe4 41.Rd1 Nf3+ 42.Kh1 Rc3 43.Nd2 Qxg4 44.d5 Rxe3  0-1

[Event "Chigorin Memorial"]
[Site "St Petersburg RUS"]
[Date "2012.10.31"]
[Round "5.154"]
[White "Levdansky,Alexey"]
[Black "Bondarenko,Dmitry"]
[Result "0-1"]
[WhiteElo "1700"]
[BlackElo "1971"]

1.d4 Nf6 2.c4 e6 3.Nf3 Bb4+ 4.Bd2 Be7 5.Nc3 O-O 6.g3 d5 7.Bg2 c6 8.O-O Nbd7
9.cxd5 exd5 10.Qc2 Re8 11.Rfe1 Nf8 12.e4 dxe4 13.Nxe4 Nxe4 14.Qxe4 Be6 15.Bc3 Nd7
16.Ne5 Nf6 17.Qc2 Qc8 18.Rad1 Bd6 19.a3 Bc7 20.Nd3 Rd8 21.Nc5 Bg4 22.Rc1 Nd5
23.Bxd5 Rxd5 24.Nd3 Bf3 25.Re3 Bh5 26.Rce1 f6 27.Nb4 Rg5 28.Bd2 Bf7 29.Re7 Rh5
30.Qd3 Bd6 31.R7e2 Qh3 32.f4 a5 33.Nc2 Qd7 34.Bc3 b5 35.Ne3 b4 36.axb4 axb4
37.Bd2 Rha5 38.Nc4 R5a6 39.Nxd6 Qxd6 40.Re7 R6a7 41.R7e2 c5 42.Qb5 Qxd4+
43.Be3 Qc4 44.Qc6 Ra1 45.Kf2 Bh5 46.Rd2 R1a6 47.Qxc5 Qxc5 48.Bxc5 b3 49.Re7 Rc6
50.Bb4 Rc2 51.Bc3 Rc8 52.Ke1 Bg4 53.h4 h5 54.Rxc2 bxc2 55.Kd2 Bf5 56.Re1 Rd8+
57.Kc1 Kf7 58.Bd2 Ra8 59.b4 Ra1+ 60.Kb2 Rb1+ 61.Kc3 Rxe1  0-1

[Event "16th OIBM 2012"]
[Site "Bad Wiessee GER"]
[Date "2012.11.01"]
[Round "6.28"]
[White "Schoetzig,D"]
[Black "Bode,W"]
[Result "1/2-1/2"]
[WhiteElo "2163"]
[BlackElo "2346"]

1.d4 Nf6 2.Nf3 e6 3.c4 Bb4+ 4.Bd2 Qe7 5.Nc3 O-O 6.e3 d6 7.a3 Bxc3 8.Bxc3 Ne4
9.Qc2 Nxc3 10.Qxc3 Nd7 11.Be2 b6 12.O-O Bb7 13.b4 c5 14.Rfd1 Rfd8 15.a4 Nf6  1/2-1/2

[Event "Chigorin Memorial"]
[Site "St Petersburg RUS"]
[Date "2012.11.02"]
[Round "7.137"]
[White "Basencyan,M"]
[Black "Schekachikhin,Maksim"]
[Result "1-0"]
[WhiteElo "2139"]
[BlackElo "1921"]

1.d4 Nf6 2.Nf3 e6 3.c4 Bb4+ 4.Bd2 a5 5.e3 O-O 6.Bd3 d5 7.O-O b6 8.a3 Be7
9.Nc3 Ba6 10.b3 Nbd7 11.e4 dxe4 12.Nxe4 c5 13.Bc3 Bb7 14.Qc2 Bxe4 15.Bxe4 Nxe4
16.Qxe4 Qc7 17.a4 Rad8 18.Rad1 Bf6 19.Qc2 cxd4 20.Bxd4 e5 21.Be3 Nc5 22.Nd2 Ne6
23.Ne4 Be7 24.Nc3 Bc5 25.Nd5 Qa7 26.Qf5 Bd4 27.Bxd4 exd4 28.Rd3 Kh8 29.Rh3 h6
30.Nf6 gxf6 31.Rxh6+  1-0

[Event "Chigorin Memorial"]
[Site "St Petersburg RUS"]
[Date "2012.11.03"]
[Round "8.151"]
[White "Frolov,L"]
[Black "Popov,Alexei"]
[Result "1-0"]
[WhiteElo "1970"]
[BlackElo "1823"]

1.d4 Nf6 2.c4 e6 3.Nf3 Bb4+ 4.Bd2 a5 5.Nc3 c5 6.a3 Bxc3 7.Bxc3 Ne4 8.Qc2 Nxc3
9.Qxc3 cxd4 10.Nxd4 e5 11.Nb5 Nc6 12.Nd6+ Kf8 13.e3 b6 14.Be2 Qe7 15.Rd1 Nd8
16.Bf3 Rb8 17.Qd3 g6 18.b3 Ne6 19.Nxc8 Rxc8 20.Qxd7 Qxd7 21.Rxd7 a4 22.b4 Rxc4
23.Kd2 Kg7 24.Bd5 Rc7 25.Bxe6 Rxd7+ 26.Bxd7 Rd8 27.Kc3 Rxd7 28.Kc4 Rd2 29.Kb5 Rxf2
30.Kxb6 Rxg2 31.Ka5 Re2 32.b5 Rxe3 33.Kxa4 f5 34.b6 Rd3 35.b7 Rd8 36.Kb5 f4
37.a4 Rb8 38.Kb6 f3 39.a5 e4 40.a6 f2 41.a7 Rxb7+ 42.Kxb7 e3 43.a8=Q e2 44.Qa1+ Kh6
45.Qf6 f1=Q 46.Rxf1 exf1=Q 47.Qxf1 Kg5 48.Kc6 h5 49.Kd5 h4 50.Ke5 h3 51.Qg1+ Kh4
52.Kf4 Kh5 53.Qg5+  1-0

[Event "Chigorin Memorial"]
[Site "St Petersburg RUS"]
[Date "2012.11.04"]
[Round "9.66"]
[White "Kuzmin,E"]
[Black "Mishuchkov,N"]
[Result "1/2-1/2"]
[WhiteElo "2140"]
[BlackElo "2393"]

1.d4 Nf6 2.c4 e6 3.Nf3 Bb4+ 4.Bd2 Qe7 5.Nc3 O-O 6.g3 Nc6 7.Bg2 Na5 8.b3 b6
9.O-O Bb7 10.Ne5 Bxg2 11.Kxg2 Nc6 12.Nb5 a6 13.Bxb4 Nxb4 14.Nc3 d6 15.Nf3 c5
16.a3 cxd4 17.Nxd4 Qb7+ 18.Nf3 Nc6 19.Qxd6 Rad8 20.Qf4 Nd4 21.Nd5 Nxb3 22.Nxf6+ gxf6
23.Qxf6 Nxa1 24.Qg5+ Kh8 25.Qf6+ Kg8 26.Qg5+ Kh8 27.Qf6+ Kg8 28.Qg5+  1/2-1/2

[Event "Subzonal 2.3 2012"]
[Site "Pamplona COL"]
[Date "2012.11.07"]
[Round "5.8"]
[White "Munoz,Joh"]
[Black "Uribe,M"]
[Result "0-1"]
[WhiteElo "2239"]
[BlackElo "2354"]

1.d4 Nf6 2.c4 e6 3.Nf3 Bb4+ 4.Bd2 c5 5.g3 O-O 6.Bg2 Bxd2+ 7.Qxd2 Ne4 8.Qc2 Qa5+
9.Nbd2 f5 10.d5 d6 11.O-O Nxd2 12.Nxd2 e5 13.f4 e4 14.g4 Qd8 15.gxf5 e3 16.Ne4 Bxf5
17.Qc3 Qe7 18.Ng3 Bg4 19.h3 Qh4 20.hxg4 Qxg3 21.Rf3 Qxg4 22.Rxe3 Na6 23.Rg3 Qd7
24.Bh3 Qe7 25.Kh2 Qf6 26.Rag1 Qxc3 27.bxc3 g6 28.f5 Kg7 29.fxg6 h6 30.Be6 Rae8
31.e4 Nc7 32.Bf5 Na8 33.Rb1 Re7 34.Rg2 Nb6 35.Rgb2 Kf6 36.Kg3 Rb8 37.Rxb6 axb6
38.Rxb6 Ke5 39.Kg4 Ra8 40.Rb2 Kf6 41.Kh5 Kg7 42.Kg4 Kf6 43.Rb6 Ra6 44.Rb2 Ra8
45.Kh5 Kg7 46.Be6 Ra4 47.Rb6 Ra6 48.Rb5 Rxa2 49.e5 dxe5 50.Bf5 Rd2 51.Be4 Rh2+
52.Kg4 Rf2 53.Kg3 Rf4 54.Bd3 Rf6 55.Rxc5 e4 56.Be2 e3 57.Rb5 Rxg6+ 58.Kf3 Rf6+
59.Kg3 Rf2 60.d6 Ref7 61.Bh5 e2 62.Re5 R2f5  0-1

[Event "Subzonal 2.3 2012"]
[Site "Pamplona COL"]
[Date "2012.11.07"]
[Round "6.7"]
[White "Torres,Ju2"]
[Black "Rios,Cr"]
[Result "0-1"]
[WhiteElo "2316"]
[BlackElo "2351"]

1.d4 Nf6 2.c4 e6 3.Nf3 Bb4+ 4.Bd2 a5 5.g3 d6 6.Bg2 Nbd7 7.O-O e5 8.Bg5 exd4
9.Nxd4 O-O 10.a3 Bc5 11.b3 h6 12.Bc1 Re8 13.Nc3 c6 14.Bb2 Bxd4 15.Qxd4 Nc5
16.Rad1 Nxb3 17.Qf4 Qe7 18.Na4 Ne4 19.Rd3 Nec5 20.Nxc5 Nxc5 21.Rxd6 Ne6 22.Qd2 Ng5
23.e3 f6 24.Rd4 Bh3 25.Qe2 Bxg2 26.Kxg2 c5 27.Rf4 Rad8 28.Rd1 Qe6 29.h4 Ne4
30.Rxd8 Rxd8 31.Qg4 Qxg4 32.Rxg4 Nxf2 33.Bxf6 Nxg4 34.Bxd8 Nxe3+ 35.Kf3 Nxc4
36.Ke4 a4 37.Kd5 Nxa3 38.Kxc5 Nc2 39.Kc4 b5+ 40.Kc3 Ne3 41.Ba5 Kf7 42.Kd3 Nf5
43.Be1 h5 44.Kc3 Ke6  0-1

[Event "WY GU16 2012"]
[Site "Maribor SLO"]
[Date "2012.11.09"]
[Round "2.33"]
[White "Saikhanzaya,Ganbaatar"]
[Black "Machlik,Monika"]
[Result "1-0"]
[WhiteElo "1904"]
[BlackElo "1735"]

1.d4 Nf6 2.c4 e6 3.Nf3 Bb4+ 4.Bd2 a5 5.g3 Nc6 6.Bg2 d6 7.O-O e5 8.d5 Ne7
9.Ne1 Bxd2 10.Nxd2 O-O 11.e4 Nd7 12.Nd3 b6 13.f4 f6 14.f5 Ba6 15.Rf3 Qc8
16.g4 c6 17.b3 cxd5 18.exd5 b5 19.Ne4 Qb8 20.c5 dxc5 21.d6 Nc6 22.Ndxc5 Qb6
23.Qd5+ Kh8 24.Kh1 Nxc5 25.Qxc5 Qxc5 26.Nxc5 Rfd8 27.Rd3 Nb4 28.Rd2 Rac8
29.Nxa6 Nxa6 30.Bb7 Rb8 31.Bxa6 Rb6 32.Rc1 Rxa6 33.d7 Raa8 34.Rc7 Kg8 35.Rdc2 Kf7
36.Rc8 Ke7 37.Rxa8 Rxa8 38.Rc8 Kxd7 39.Rxa8 e4 40.Kg1  1-0

[Event "WY GU16 2012"]
[Site "Maribor SLO"]
[Date "2012.11.09"]
[Round "2.32"]
[White "Hancu,O"]
[Black "Machlik,Edit"]
[Result "0-1"]
[WhiteElo "1966"]
[BlackElo "1748"]

1.d4 Nf6 2.Nf3 e6 3.c4 Bb4+ 4.Bd2 a5 5.a3 Bxd2+ 6.Nbxd2 Nc6 7.e3 d6 8.Bd3 e5
9.d5 Nb8 10.b4 Na6 11.Rb1 axb4 12.axb4 O-O 13.O-O Bd7 14.Qc2 Qe8 15.e4 Nh5
16.c5 Nf4 17.Bxa6 Ba4 18.Nb3 bxa6 19.g3 Ng6 20.Qc3 Qd7 21.Na5 f5 22.Ng5 f4
23.Ne6 Rf7 24.Rfc1 fxg3 25.hxg3 Nf8 26.Ng5 Re7 27.Nc4 Qg4 28.cxd6 cxd6 29.Nb6 Rb8
30.Nxa4 Qxg5 31.Qc6 Qf6 32.Qxa6 Rf7 33.Qe2 Ng6 34.b5 Qg5 35.Rc2 Rbf8 36.Qd2 Qg4
37.Qe2 Qg5 38.Rbb2 Nh4 39.Qd3 Nf3+ 40.Kf1 Qh5 41.Qe3 Qh1+ 42.Ke2 Nd4+  0-1

[Event "WY GU16 2012"]
[Site "Maribor SLO"]
[Date "2012.11.10"]
[Round "3.9"]
[White "Kalaydina,R"]
[Black "Shamatava,A"]
[Result "1-0"]
[WhiteElo "1934"]
[BlackElo "2072"]

1.d4 Nf6 2.c4 e6 3.Nf3 Bb4+ 4.Bd2 c5 5.Bxb4 cxb4 6.g3 O-O 7.Bg2 d6 8.Nbd2 Qe7
9.O-O e5 10.e4 a5 11.a3 Na6 12.c5 dxc5 13.dxe5 Nd7 14.Nc4 b5 15.Qd6 Re8 16.Qxe7 Rxe7
17.Nd6 Nxe5 18.Nxe5 Rxe5 19.f4 Re7 20.e5 Rb8 21.axb4 Nxb4 22.Rxa5 Bd7 23.Rfa1 g6
24.Ra7 Kf8 25.Rc7 Bc6 26.Raa7 Rxc7 27.Rxc7 Bxg2 28.Rxf7+ Kg8 29.Kxg2 Nd3
30.Ra7 Nxb2 31.Ne4 Rb6 32.Nxc5 Rc6 33.Ne4 b4 34.Rb7 Nd3 35.Nf6+ Kf8 36.Nxh7+ Ke8
37.Nf6+ Kf8 38.Nd5 Rc2+ 39.Kf3 Rc3 40.Ke2 Nc1+ 41.Kd1 Rd3+ 42.Kxc1  1-0

[Event "WY GU16 2012"]
[Site "Maribor SLO"]
[Date "2012.11.11"]
[Round "4.38"]
[White "Koloditsova,Renata"]
[Black "Machlik,Edit"]
[Result "1/2-1/2"]
[WhiteElo "1881"]
[BlackElo "1748"]

1.d4 Nf6 2.c4 e6 3.Nf3 Bb4+ 4.Bd2 a5 5.a3 Bxd2+ 6.Qxd2 d6 7.Nc3 Nbd7 8.e4 O-O
9.Bd3 e5 10.d5 Nc5 11.Bc2 a4 12.Qd1 Bd7 13.O-O g6 14.Ne1 Nh5 15.Nd3 Nxd3
16.Bxd3 Qg5 17.Kh1 Nf4 18.Rg1 f5 19.f3 Ra5 20.Rc1 Rc5 21.Bf1 Ra8 22.g3 Nh5
23.Be2 Nf6 24.exf5 Qxf5 25.Rf1 Kg7 26.Qd2 Rf8 27.g4 Qf4 28.Qc2 Ra5 29.Bd3 Qd4
30.Ne2 Qc5 31.Ng3 Ra6 32.Qc3 Rb6 33.g5 Ng8 34.Ne4 Qe3 35.Rce1 Qf4 36.Bc2 Ne7
37.c5 Nxd5 38.Qd3 Rxb2 39.Rf2 Bb5 40.Qxd5 Bc6 41.Qd1 dxc5 42.Qa1 Rxc2 43.Rxc2 Qxf3+
44.Kg1 Rf5 45.Qd1 Rxg5+ 46.Nxg5 Qh1+ 47.Kf2 Qg2+ 48.Ke3 Qxg5+ 49.Kd3 e4+
50.Kc3 Qe5+ 51.Kd2 Qd4+ 52.Kc1 Qa1+ 53.Kd2 Qd4+ 54.Kc1 Qa1+ 55.Kd2 Qd4+ 56.Kc1 Qa1+  1/2-1/2

[Event "WY GU16 2012"]
[Site "Maribor SLO"]
[Date "2012.11.11"]
[Round "4.17"]
[White "Saikhanzaya,Ganbaatar"]
[Black "Aseeva,A"]
[Result "1-0"]
[WhiteElo "1904"]
[BlackElo "2023"]

1.d4 Nf6 2.c4 e6 3.Nf3 Bb4+ 4.Bd2 a5 5.g3 b6 6.Bg2 Bb7 7.O-O O-O 8.Bf4 Be7
9.Nc3 d5 10.Ne5 Na6 11.Qa4 Qe8 12.Qxe8 Rfxe8 13.cxd5 exd5 14.Rfd1 Red8 15.Rac1 h6
16.g4 g5 17.Bg3 Kg7 18.Nb5 c5 19.Nc4 Bc6 20.a4 Nb4 21.Nxb6 Ra6 22.dxc5 Nxg4
23.Nd4 Bf6 24.Nxc6 Nxc6 25.Rxd5 Nd4 26.Kf1 Re8 27.e3 Nb3 28.Rc4 h5 29.h3 Nh6
30.Nd7 Nf5 31.Re4 Nxg3+ 32.fxg3 Rc8 33.Ke2 Rac6 34.Rc4 Re6 35.Rd3 Nd4+ 36.Rdxd4 Bxd4
37.Rxd4 Rce8 38.Rd3 f5 39.c6 f4 40.gxf4 gxf4 41.c7 Rc8 42.Nc5 Re7 43.Na6 fxe3
44.Rc3 Rf8 45.c8=Q Rf2+ 46.Ke1 Rxg2 47.Rc7 Rg1+ 48.Ke2 Rg2+ 49.Kd3 Rd2+ 50.Kc3 Kf7
51.Qf5+ Ke8 52.Rc8+ Rd8 53.Qg6+  1-0

[Event "WY BU16 2012"]
[Site "Maribor SLO"]
[Date "2012.11.11"]
[Round "4.13"]
[White "Olund,Joar"]
[Black "Ebeling,D"]
[Result "1/2-1/2"]
[WhiteElo "2175"]
[BlackElo "2359"]

1.d4 Nf6 2.c4 e6 3.Nf3 Bb4+ 4.Bd2 Qe7 5.g3 Nc6 6.Nc3 Bxc3 7.Bxc3 Ne4 8.Rc1 Nb4
9.Qa4 a5 10.Bg2 O-O 11.O-O Nxc3 12.Rxc3 d6 13.a3 Bd7 14.Qb3 Nc6 15.d5 a4
16.Qxb7 Rab8 17.Qa6 Ra8 18.Qb7 Ra7 19.Qb5 Nd4 20.Nxd4 Bxb5 21.cxb5 Qf6 22.Nc6 Raa8
23.Rd1 g6 24.f4 Kg7 25.e4 exd5 26.Rxd5 Rfe8 27.Nd4 Ra7 28.Rc6 Qe7 29.h4 Qd7
30.Kh2 Qe7 31.Rc4 Raa8 32.Nc6 Qf6 33.e5 dxe5 34.fxe5 Qf2 35.Rb4 Re6 36.Rd7 Rf8
37.Rxc7 Qb6 38.Rd7 Qf2 39.Rxa4 Qxb2 40.Rb4 Qxa3 41.Rdd4 Qa2 42.Kh3 Ra8 43.Bd5 Qe2
44.Rf4 Qe1 45.Rb3 Rxe5 46.Nxe5 Qxe5 47.Rxf7+ Kh8 48.Bc4 Qe4 49.Rf4 Qh1+ 50.Kg4 Qd1+
51.Rbf3 Qd7+ 52.Kg5 Qe7+ 53.Kg4 Qd7+ 54.Kg5 Qe7+ 55.Kg4 Qd7+  1/2-1/2

[Event "US Chess League KO Final 2012"]
[Site "ICC INT"]
[Date "2012.11.12"]
[Round "1"]
[White "Kaufman,La"]
[Black "Bartell,T"]
[Result "0-1"]
[WhiteElo "2358"]
[BlackElo "2418"]

1.d4 Nf6 2.c4 e6 3.Nf3 Bb4+ 4.Bd2 Qe7 5.g3 Nc6 6.Nc3 d6 7.Bg2 O-O 8.O-O Bxc3
9.Bxc3 e5 10.d5 Nb8 11.Nd2 a5 12.c5 Nbd7 13.cxd6 cxd6 14.Nc4 b6 15.Rc1 Ba6
16.b3 Rfc8 17.Bb2 a4 18.Ba3 Ne8 19.Bh3 Rcb8 20.Bb2 axb3 21.axb3 Nc5 22.Ne3 Bb5
23.Nf5 Qg5 24.Re1 Ra2 25.Rb1 Bd7 26.e4 g6 27.f4 exf4 28.Qd4 f6 29.Ne7+ Kf7
30.Bxd7 Nxd7 31.Nc6 Rba8 32.Bc1 Qh5 33.Rb2 Ne5 34.Nxe5+ fxe5 35.Qxb6 Rxb2
36.Bxb2 Ra2 37.Qf2 g5 38.gxf4 gxf4 39.Kh1 Nf6 40.Qc2 Qf3+ 41.Kg1 Ng4 42.Qe2 Qh3
43.Rf1 Qxh2+ 44.Qxh2 Nxh2 45.Rf2 Ng4 46.Rd2 Nf6 47.Bc3 Rxd2 48.Bxd2 Nxe4
49.Ba5 Ke7 50.b4 Nc3 51.Kf2 Kd7 52.Kf3 h5 53.Bb6 Nxd5 54.Ba5 Nc3 55.Bb6 Ke6
56.Bf2 Kf5  0-1

[Event "WY GU16 2012"]
[Site "Maribor SLO"]
[Date "2012.11.12"]
[Round "5.34"]
[White "Bartsits,Sabina"]
[Black "Franca,Veronika"]
[Result "0-1"]
[WhiteElo "1768"]
[BlackElo "1979"]

1.d4 Nf6 2.Nf3 e6 3.c4 Bb4+ 4.Bd2 Qe7 5.Qc2 Bxd2+ 6.Nbxd2 d6 7.g3 O-O 8.Bg2 e5
9.dxe5 dxe5 10.O-O Nc6 11.e3 Bg4 12.a3 a5 13.Ng5 h6 14.Bxc6 bxc6 15.Nge4 Nd7
16.f3 Be6 17.b3 c5 18.Nc3 Nb6 19.Rfd1 Rfd8 20.Nde4 f5 21.Nf2 Qf7 22.Nd3 Nd7
23.Nb5 Rdc8 24.Nc3 Rcb8 25.Na4 Qe7 26.Rd2 Rb7 27.Qc3 Bf7 28.Rad1 c6 29.Nc1 Bh5
30.Rf1 Nf6 31.h3 e4 32.g4 exf3 33.gxh5 Ne4 34.Qc2 Qg5+ 35.Kh2 Qg3+ 36.Kh1 Qxh3+
37.Kg1 Qg4+ 38.Kh2 Qxh5+ 39.Kg1 Qg4+ 40.Kh2 Nxd2 41.Qxd2 Qh4+ 42.Kg1 Qg3+
43.Kh1 Re7 44.Qh2 Qxh2+ 45.Kxh2 Rxe3 46.Kg3 Rd8 47.Nxc5 g5 48.Rxf3 f4+ 49.Kg2 Rd2+
50.Rf2 Rg3+  0-1

[Event "WY BU14 2012"]
[Site "Maribor SLO"]
[Date "2012.11.12"]
[Round "5.30"]
[White "Taalaibekov,Tagir"]
[Black "Cori Quispe,Kevin"]
[Result "1-0"]
[WhiteElo "1871"]
[BlackElo "2073"]

1.d4 Nf6 2.c4 e6 3.Nf3 Bb4+ 4.Bd2 Qe7 5.Nc3 b6 6.e3 Bb7 7.Bd3 O-O 8.O-O d6
9.a3 Bxc3 10.Bxc3 Nbd7 11.Qc2 e5 12.dxe5 dxe5 13.Be2 Be4 14.Qb3 Nc5 15.Qa2 Bxf3
16.gxf3 a5 17.b3 Qe6 18.Qb2 Nfd7 19.Kh1 Rfe8 20.Rg1 Rad8 21.Qc2 Nb7 22.b4 Nd6
23.c5 bxc5 24.bxc5 Nxc5 25.Rab1 Ra8 26.Bd2 Nd7 27.Qc6 Nb6 28.Bc3 Ndc4 29.Qxc7 Rec8
30.Qb7 Rab8 31.Bxc4 Qxc4 32.Rxg7+ Kh8 33.Bxe5 Rxb7 34.Rg4+ f6 35.Bxf6+ Rg7
36.Bxg7+ Kg8 37.Rxc4 Nxc4 38.Bd4 Nxa3 39.Ra1 Nc4 40.Ra4 Kf7 41.Kg2 Ke6 42.e4 Nd2
43.Rxa5 Rg8+ 44.Kh3 Nxf3 45.Ra6+ Kd7 46.Be3 Ng1+ 47.Kh4 Nf3+ 48.Kh5 Nxh2
49.Ra7+ Ke6 50.Rxh7 Ke5 51.Re7+ Kf6 52.Ra7 Ke5 53.Ra4 Nf3 54.Bh6 Rg2 55.Be3 Rg8
56.Bb6 Rg5+ 57.Kh6 Rg2 58.Bc7+ Kf6 59.Ra6+ Kf7 60.Bg3 Rg1 61.Kh5 Nd2 62.e5  1-0

[Event "WY BU14 2012"]
[Site "Maribor SLO"]
[Date "2012.11.12"]
[Round "6.22"]
[White "Tutisani,Noe"]
[Black "Savenkov,K"]
[Result "1/2-1/2"]
[WhiteElo "1978"]
[BlackElo "2162"]

1.d4 e6 2.c4 Nf6 3.Nf3 Bb4+ 4.Bd2 Bxd2+ 5.Nbxd2 O-O 6.g3 d5 7.Bg2 c6 8.O-O Nbd7
9.Qc2 b6 10.e4 Bb7 11.e5 Ne8 12.cxd5 cxd5 13.Rfe1 Ba6 14.b4 Rc8 15.Qb3 Nc7
16.a4 Bc4 17.Qe3 b5 18.axb5 Nxb5 19.Ra5 Qb6 20.Rc1  1/2-1/2